000 00815nam a22002537a 4500
003 UA-OsUOA
001 69974
007 ta
008 20100712b un ||||| |||| 00| 0 ukr d
100 _aГнидюк Н. А.
700 _aСтрельнов В. Ю.
090 _a341.17
_bГ56
942 _cBK
040 _aUA-OsUOA
_bukr
_cUA-OsUOA
_dUA-OsUOA
245 _aРозширення ЄС та досвід реформ країн Центрально-Східної Європи у контексті приєднання до ЄС: робочий зошит до модуля
300 _a44 с.
955 _a2
041 _aukr
080 _a341.17
020 _a978-966-8063-80-17
260 _aК.
_bМіленіум
_c2009
650 7 _a0 Загальний відділ.
_2UDC
999 _c356250
_d356250